000 00547nam a2200193Ia 4500
005 20230510152038.0
008 131103s9999 xx 000 0 und d
040 _aLoreto College
041 _aEnglish
082 _a823.91
_bHAR-ELI
100 _aElliott, Albert Pettigrew
245 _aFatalism
_b in the works of Thomas Hardy
_cAlbert Pettigrew Elliott
260 _aNew York
_bRussell
_c1966
300 _a136 p.
504 _aIncludes bibliographical references
650 _aHardy,Thomas,1840 - 1928
850 _aLCLIB
942 _cBK
999 _c4929
_d55408